[Event "2025 National K-12 Grade Championship"]
[Site "Spokane, WI USA, United States"]
[Date "2025.12.14"]
[Round "6.22"]
[White "Palathingal, Rafael"]
[Black "Wang, Jacob S"]
[Result "1/2-1/2"]
[TimeControl "G/90; d10"]
[WhiteTitle "CM"]
[WhiteFideId "39927580"]
[BlackFideId "30973350"]
[WhiteElo "2054"]
[BlackElo "2067"]

1. d4 {[%clk 01:30:00]} {[%emt 00:00:01]} d5 {[%clk 01:30:00]} {[%emt
00:00:05]} 2. c4 {[%emt 00:00:33]} e6 {[%clk 01:28:38]} {[%emt 00:01:04]} 3.
Nc3 {[%clk 01:30:00]} {[%emt 00:00:05]} Nf6 {[%clk 01:26:02]} {[%emt 00:02:45]}
4. cxd5 {[%clk 01:30:00]} {[%emt 00:00:03]} exd5 {[%clk 01:26:02]} {[%emt
00:00:06]} 5. Bg5 {[%clk 01:29:53]} {[%emt 00:00:17]} Be7 {[%clk 01:25:34]}
{[%emt 00:00:37]} 6. e3 {[%clk 01:29:53]} {[%emt 00:00:11]} c6 {[%clk
01:25:04]} {[%emt 00:00:39]} 7. Bd3 {[%clk 01:29:34]} {[%emt 00:00:30]} Nbd7
{[%clk 01:24:24]} {[%emt 00:00:49]} 8. Nge2 {[%clk 01:29:31]} {[%emt 00:00:09]}
Nf8 {[%clk 01:19:30]} {[%emt 00:05:09]} 9. Qc2 {[%clk 01:29:23]} {[%emt
00:00:18]} Bd7 {[%clk 01:16:09]} {[%emt 00:03:31]} 10. O-O {[%clk 01:28:26]}
{[%emt 00:01:05]} h6 {[%clk 01:15:34]} {[%emt 00:00:47]} 11. Bh4 {[%clk
01:28:24]} {[%emt 00:00:11]} Ne6 {[%clk 01:12:07]} {[%emt 00:03:38]} 12. f3
{[%clk 01:27:22]} {[%emt 00:01:11]} Nh5 {[%clk 01:03:06]} {[%emt 00:09:11]} 13.
Bf2 {[%clk 01:25:30]} {[%emt 00:02:01]} g5 {[%clk 00:58:07]} {[%emt 00:05:11]}
14. Ng3 {[%clk 01:25:04]} {[%emt 00:00:36]} Nxg3 {[%clk 00:57:30]} {[%emt
00:00:47]} 15. Bxg3 {[%clk 01:25:04]} {[%emt 00:00:02]} Bf6 {[%clk 00:55:03]}
{[%emt 00:02:36]} 16. f4 {[%clk 01:21:44]} {[%emt 00:03:30]} gxf4 {[%clk
00:51:44]} {[%emt 00:03:29]} 17. Bxf4 {[%clk 01:21:11]} {[%emt 00:00:43]} Nxf4
{[%clk 00:47:32]} {[%emt 00:04:22]} 18. Rxf4 {[%clk 01:18:52]} {[%emt
00:02:29]} Bg5 {[%clk 00:45:59]} {[%emt 00:01:43]} 19. Rf3 {[%emt 00:04:40]}
Bg4 {[%clk 00:41:59]} {[%emt 00:00:04]} 20. Rg3 {[%clk 01:18:18]} {[%emt
00:00:19]} h5 {[%clk 00:37:59]} {[%emt 00:04:11]} 21. Bf5 {[%clk 01:01:49]}
{[%emt 00:16:39]} Bh4 {[%clk 00:36:51]} {[%emt 00:01:18]} 22. Rxg4 {[%clk
01:01:49]} {[%emt 00:00:04]} hxg4 {[%clk 00:36:51]} {[%emt 00:00:07]} 23. Bxg4
{[%clk 01:00:37]} {[%emt 00:01:21]} Qg5 {[%clk 00:36:09]} {[%emt 00:00:51]} 24.
Qe2 {[%clk 00:59:54]} {[%emt 00:00:54]} f5 {[%clk 00:35:29]} {[%emt 00:00:51]}
25. Bh3 {[%clk 00:53:00]} {[%emt 00:06:50]} Ke7 {[%clk 00:30:15]} {[%emt
00:05:38]} 26. Rf1 {[%clk 00:52:20]} {[%emt 00:00:49]} Raf8 {[%clk 00:29:44]}
{[%emt 00:00:41]} 27. Rf3 {[%clk 00:51:12]} {[%emt 00:01:18]} Rf6 {[%clk
00:27:14]} {[%emt 00:02:40]} 28. Qd3 {[%clk 00:45:54]} {[%emt 00:05:26]} Rhf8
{[%clk 00:22:25]} {[%emt 00:05:02]} 29. Ne2 {[%clk 00:44:29]} {[%emt 00:01:33]}
Kd8 {[%clk 00:17:25]} {[%emt 00:05:11]} 30. Nf4 {[%clk 00:43:47]} {[%emt
00:00:51]} Qh6 {[%clk 00:16:30]} {[%emt 00:01:06]} 31. Qa3 {[%clk 00:42:33]}
{[%emt 00:01:24]} a6 {[%clk 00:15:52]} {[%emt 00:00:48]} 32. Nd3 {[%clk
00:40:38]} {[%emt 00:02:05]} Qg7 {[%clk 00:12:55]} {[%emt 00:03:07]} 33. Nc5
{[%clk 00:37:41]} {[%emt 00:03:07]} Qe7 {[%clk 00:09:46]} {[%emt 00:03:13]} 34.
Qb4 {[%clk 00:37:29]} {[%emt 00:00:25]} Kc8 {[%clk 00:09:20]} 1/2-1/2

[Event "2025 National K-12 Grade Championship"]
[Site "Spokane, WI USA, United States"]
[Date "2025.12.14"]
[Round "6.23"]
[White "Xu, Olivia"]
[Black "Chen, Celine"]
[Result "1/2-1/2"]
[TimeControl "G/90; d10"]
[WhiteFideId "39960919"]
[BlackFideId "39915107"]
[WhiteElo "1832"]
[BlackElo "1942"]

1. e4 {[%clk 01:30:00]} {[%emt 00:00:01]} c5 {[%clk 01:30:00]} {[%emt
00:00:05]} 2. Nf3 {[%clk 01:30:00]} {[%emt 00:00:04]} Nc6 {[%clk 01:30:00]}
{[%emt 00:00:02]} 3. d4 {[%clk 01:30:00]} {[%emt 00:00:10]} cxd4 {[%clk
01:30:00]} {[%emt 00:00:02]} 4. Nxd4 {[%clk 01:30:00]} {[%emt 00:00:05]} g6
{[%clk 01:30:00]} {[%emt 00:00:04]} 5. c4 {[%clk 01:29:56]} {[%emt 00:00:15]}
Bg7 {[%clk 01:30:00]} {[%emt 00:00:04]} 6. Be3 {[%clk 01:29:56]} {[%emt
00:00:09]} Qb6 {[%clk 01:30:00]} {[%emt 00:00:07]} 7. Nb3 {[%clk 01:29:56]}
{[%emt 00:00:05]} Qd8 {[%clk 01:30:00]} {[%emt 00:00:08]} 8. Qd2 {[%clk
01:29:56]} {[%emt 00:00:09]} Nf6 {[%clk 01:29:41]} {[%emt 00:00:30]} 9. Nc3
{[%clk 01:29:56]} {[%emt 00:00:04]} d6 {[%clk 01:29:41]} {[%emt 00:00:07]} 10.
Be2 {[%clk 01:29:55]} {[%emt 00:00:09]} O-O {[%clk 01:29:32]} {[%emt 00:00:20]}
11. O-O {[%clk 01:29:55]} {[%emt 00:00:08]} Be6 {[%clk 01:28:08]} {[%emt
00:01:34]} 12. f4 {[%clk 01:29:34]} {[%emt 00:00:31]} Rc8 {[%clk 01:18:47]}
{[%emt 00:09:32]} 13. f5 {[%clk 01:23:32]} {[%emt 00:06:11]} Bd7 {[%clk
01:18:21]} {[%emt 00:00:36]} 14. Nd4 {[%clk 01:18:55]} {[%emt 00:04:47]} Ne5
{[%clk 01:15:30]} {[%emt 00:03:01]} 15. b3 {[%clk 01:18:26]} {[%emt 00:00:38]}
Nfg4 {[%clk 00:58:46]} {[%emt 00:16:55]} 16. Bf4 {[%clk 01:18:09]} {[%emt
00:00:28]} Qb6 {[%clk 00:49:41]} {[%emt 00:09:16]} 17. Nd5 {[%clk 01:12:45]}
{[%emt 00:05:33]} Nxc4 {[%clk 00:47:40]} {[%emt 00:02:10]} 18. Nxe7+ {[%clk
01:02:05]} {[%emt 00:10:50]} Kh8 {[%clk 00:47:40]} {[%emt 00:00:01]} 19. Nxc8
{[%clk 01:01:52]} {[%emt 00:00:23]} Nxd2 {[%clk 00:47:29]} {[%emt 00:00:22]} 20.
Nxb6 {[%clk 01:01:52]} {[%emt 00:00:07]} Bxd4+ {[%clk 00:47:29]} {[%emt
00:00:03]} 21. Kh1 {[%clk 01:01:51]} {[%emt 00:00:10]} axb6 {[%clk 00:47:03]}
{[%emt 00:00:37]} 22. Rad1 {[%clk 00:57:31]} {[%emt 00:04:30]} Nxf1 {[%clk
00:43:54]} {[%emt 00:03:19]} 23. Rxd4 {[%clk 00:57:24]} {[%emt 00:00:18]} Nfe3
{[%clk 00:43:33]} {[%emt 00:00:30]} 24. h3 {[%clk 00:53:57]} {[%emt 00:03:36]}
Nf2+ {[%clk 00:39:50]} {[%emt 00:03:54]} 25. Kg1 {[%clk 00:53:28]} {[%emt
00:00:39]} Nxe4 {[%clk 00:39:11]} {[%emt 00:00:48]} 26. Rxe4 {[%clk 00:52:50]}
{[%emt 00:00:48]} Nxf5 {[%clk 00:38:55]} {[%emt 00:00:27]} 27. g4 {[%clk
00:52:18]} {[%emt 00:00:43]} Bc6 {[%clk 00:38:22]} {[%emt 00:00:42]} 28. Rb4
{[%clk 00:51:22]} {[%emt 00:01:07]} Re8 {[%clk 00:35:34]} {[%emt 00:02:57]} 29.
Kf2 {[%clk 00:50:57]} {[%emt 00:00:35]} Ne7 {[%clk 00:34:30]} {[%emt 00:01:14]}
30. Bxd6 {[%clk 00:47:18]} {[%emt 00:03:49]} Nd5 {[%clk 00:34:00]} {[%emt
00:00:40]} 31. Rd4 {[%clk 00:47:00]} {[%emt 00:00:28]} Nc3 {[%clk 00:33:06]}
{[%emt 00:01:04]} 32. Bf3 {[%clk 00:45:32]} {[%emt 00:01:38]} Ne4+ {[%clk
00:30:32]} {[%emt 00:02:44]} 33. Bxe4 {[%clk 00:42:19]} {[%emt 00:03:23]} Rxe4
{[%clk 00:30:28]} {[%emt 00:00:14]} 34. Rxe4 {[%clk 00:42:04]} {[%emt
00:00:25]} Bxe4 {[%clk 00:30:28]} {[%emt 00:00:02]} 35. g5 {[%clk 00:42:02]}
{[%emt 00:00:11]} Kg7 {[%clk 00:29:55]} {[%emt 00:00:43]} 36. Be7 {[%clk
00:41:48]} {[%emt 00:00:24]} h6 {[%clk 00:28:49]} {[%emt 00:01:17]} 37. h4
{[%clk 00:41:39]} {[%emt 00:00:19]} hxg5 {[%clk 00:28:48]} {[%emt 00:00:10]} 38.
hxg5 {[%clk 00:41:39]} {[%emt 00:00:09]} b5 {[%clk 00:28:21]} {[%emt 00:00:38]}
39. Ke3 {[%clk 00:41:39]} {[%emt 00:00:10]} Bb1 {[%clk 00:28:02]} {[%emt
00:00:28]} 40. a3 {[%clk 00:41:39]} {[%emt 00:00:06]} b4 {[%clk 00:27:50]}
{[%emt 00:00:22]} 41. Bxb4 {[%clk 00:40:56]} {[%emt 00:00:53]} Bc2 {[%clk
00:27:21]} {[%emt 00:00:39]} 42. Be7 {[%clk 00:40:51]} {[%emt 00:00:15]} Bxb3
{[%clk 00:27:21]} {[%emt 00:00:04]} 43. Kd4 {[%clk 00:40:51]} {[%emt 00:00:09]}
1/2-1/2

[Event "2025 National K-12 Grade Championship"]
[Site "Spokane, WI USA, United States"]
[Date "2025.12.14"]
[Round "6.24"]
[White "Jani, Aakash"]
[Black "Pavuluri, Vivaan"]
[Result "1/2-1/2"]
[TimeControl "G/90; d10"]
[WhiteFideId "30996163"]
[BlackFideId "39933415"]
[WhiteElo "2014"]
[BlackElo "2006"]

1. e4 {[%clk 01:30:00]} {[%emt 00:00:02]} c5 {[%clk 01:30:00]} {[%emt
00:00:06]} 2. Nf3 {[%clk 01:29:57]} {[%emt 00:00:13]} d6 {[%clk 01:30:00]}
{[%emt 00:00:05]} 3. d4 {[%clk 01:29:54]} {[%emt 00:00:13]} cxd4 {[%clk
01:30:00]} {[%emt 00:00:06]} 4. Nxd4 {[%clk 01:29:49]} {[%emt 00:00:15]} Nf6
{[%clk 01:30:00]} {[%emt 00:00:07]} 5. Nc3 {[%clk 01:29:30]} {[%emt 00:00:30]}
a6 {[%clk 01:30:00]} {[%emt 00:00:04]} 6. Bg5 {[%clk 01:29:07]} {[%emt
00:00:32]} Nbd7 {[%clk 01:30:00]} {[%emt 00:00:07]} 7. f4 {[%clk 01:28:41]}
{[%emt 00:00:37]} Qc7 {[%clk 01:30:00]} {[%emt 00:00:06]} 8. Qf3 {[%clk
01:27:51]} {[%emt 00:01:00]} h6 {[%clk 01:29:44]} {[%emt 00:00:26]} 9. Bh4
{[%clk 01:26:33]} {[%emt 00:01:28]} g5 {[%clk 01:29:44]} {[%emt 00:00:09]} 10.
fxg5 {[%clk 01:25:05]} {[%emt 00:01:37]} hxg5 {[%clk 01:29:44]} {[%emt
00:00:06]} 11. Bxg5 {[%clk 01:22:56]} {[%emt 00:02:18]} Qc5 {[%clk 01:29:30]}
{[%emt 00:00:25]} 12. Qe3 {[%clk 01:13:28]} {[%emt 00:09:38]} Ng4 {[%clk
01:23:09]} {[%emt 00:06:31]} 13. Qd2 {[%clk 01:13:22]} {[%emt 00:00:17]} Ndf6
{[%clk 01:17:00]} {[%emt 00:06:20]} 14. Nf3 {[%clk 01:09:34]} {[%emt 00:03:57]}
b5 {[%clk 01:15:20]} {[%emt 00:01:50]} 15. Bd3 {[%clk 01:07:55]} {[%emt
00:01:49]} Bg7 {[%clk 01:09:14]} {[%emt 00:06:15]} 16. h3 {[%clk 01:04:26]}
{[%emt 00:03:40]} Nd7 {[%clk 01:03:36]} {[%emt 00:05:48]} 17. Rf1 {[%clk
01:02:52]} {[%emt 00:01:41]} Nge5 {[%clk 01:03:07]} {[%emt 00:00:41]} 18. Be3
{[%clk 00:58:00]} {[%emt 00:05:02]} Nxf3+ {[%clk 01:01:23]} {[%emt 00:01:54]}
19. Rxf3 {[%clk 00:57:50]} {[%emt 00:00:21]} Qc6 {[%clk 00:55:23]} {[%emt
00:06:10]} 20. a4 {[%clk 00:48:18]} {[%emt 00:09:43]} Rb8 {[%clk 00:48:05]}
{[%emt 00:07:27]} 21. axb5 {[%clk 00:43:32]} {[%emt 00:04:56]} axb5 {[%clk
00:48:05]} {[%emt 00:00:11]} 22. Ra2 {[%clk 00:37:25]} {[%emt 00:06:15]} Ne5
{[%clk 00:45:18]} {[%emt 00:02:58]} 23. Rf1 {[%clk 00:36:38]} {[%emt 00:00:57]}
Be6 {[%clk 00:42:56]} {[%emt 00:02:33]} 24. Ra1 {[%clk 00:34:37]} {[%emt
00:02:10]} Nc4 {[%clk 00:38:40]} {[%emt 00:04:27]} 25. Bxc4 {[%clk 00:31:52]}
{[%emt 00:02:55]} Qxc4 {[%clk 00:36:34]} {[%emt 00:02:16]} 26. Qd3 {[%clk
00:30:24]} {[%emt 00:01:38]} Qc6 {[%clk 00:35:00]} {[%emt 00:01:44]} 27. Rf3
{[%clk 00:27:07]} {[%emt 00:03:26]} Bc4 {[%clk 00:30:11]} {[%emt 00:05:00]} 28.
Qd2 {[%clk 00:25:35]} {[%emt 00:01:42]} b4 {[%clk 00:29:46]} {[%emt 00:00:36]}
29. Nd5 {[%clk 00:23:05]} {[%emt 00:02:39]} Bxb2 {[%clk 00:27:28]} {[%emt
00:02:29]} 30. Rb1 {[%clk 00:21:53]} {[%emt 00:01:22]} Be5 {[%clk 00:21:29]}
{[%emt 00:06:09]} 31. Rxb4 {[%clk 00:18:30]} {[%emt 00:03:32]} Rxb4 {[%clk
00:20:44]} {[%emt 00:00:55]} 32. Qxb4 {[%clk 00:17:44]} {[%emt 00:00:56]} Bxd5
{[%clk 00:19:29]} {[%emt 00:01:25]} 33. exd5 {[%clk 00:17:44]} {[%emt
00:00:09]} Qxd5 {[%clk 00:18:39]} {[%emt 00:01:01]} 34. Qb3 {[%clk 00:16:43]}
{[%emt 00:01:11]} 1/2-1/2

[Event "2025 National K-12 Grade Championship"]
[Site "Spokane, WI USA, United States"]
[Date "2025.12.14"]
[Round "6.25"]
[White "Samanta, Aayansh"]
[Black "Alluri, Samanyu"]
[Result "1/2-1/2"]
[TimeControl "G/90; d10"]
[WhiteFideId "39923290"]
[BlackFideId "39926176"]
[WhiteElo "2093"]
[BlackElo "2029"]

1. e4 {[%emt 00:00:08]} c5 {[%clk 01:29:53]} {[%emt 00:00:12]} 2. Nf3 {[%clk
01:30:00]} {[%emt 00:00:03]} e6 {[%clk 01:29:53]} {[%emt 00:00:06]} 3. d4
{[%clk 01:30:00]} {[%emt 00:00:04]} cxd4 {[%clk 01:29:53]} {[%emt 00:00:05]} 4.
Nxd4 {[%clk 01:30:00]} {[%emt 00:00:04]} Nc6 {[%clk 01:29:53]} {[%emt
00:00:06]} 5. Nc3 {[%clk 01:29:36]} {[%emt 00:00:35]} Qc7 {[%clk 01:29:53]}
{[%emt 00:00:05]} 6. Be3 {[%clk 01:29:35]} {[%emt 00:00:11]} a6 {[%clk
01:29:53]} {[%emt 00:00:05]} 7. Be2 {[%clk 01:29:35]} {[%emt 00:00:08]} Nf6
{[%clk 01:29:41]} {[%emt 00:00:22]} 8. f4 {[%clk 01:29:31]} {[%emt 00:00:14]}
d6 {[%clk 01:29:41]} {[%emt 00:00:04]} 9. O-O {[%clk 01:29:31]} {[%emt
00:00:08]} Be7 {[%clk 01:29:41]} {[%emt 00:00:04]} 10. Qe1 {[%clk 01:28:59]}
{[%emt 00:00:42]} O-O {[%clk 01:29:41]} {[%emt 00:00:06]} 11. Qg3 {[%clk
01:28:45]} {[%emt 00:00:25]} Nxd4 {[%clk 01:29:36]} {[%emt 00:00:16]} 12. Bxd4
{[%clk 01:28:45]} {[%emt 00:00:04]} b5 {[%clk 01:29:36]} {[%emt 00:00:06]} 13.
a3 {[%clk 01:28:45]} {[%emt 00:00:11]} Bb7 {[%clk 01:29:36]} {[%emt 00:00:06]}
14. Kh1 {[%clk 01:28:29]} {[%emt 00:00:26]} Rac8 {[%clk 01:28:45]} {[%emt
00:01:01]} 15. Rad1 {[%clk 01:27:33]} {[%emt 00:01:06]} Rfd8 {[%clk 01:28:45]}
{[%emt 00:00:07]} 16. Bf3 {[%clk 01:24:08]} {[%emt 00:03:35]} Bc6 {[%clk
01:23:54]} {[%emt 00:05:01]} 17. Rd3 {[%clk 01:19:51]} {[%emt 00:04:26]} a5
{[%clk 01:21:37]} {[%emt 00:02:27]} 18. Qf2 {[%clk 01:16:27]} {[%emt 00:03:35]}
Nd7 {[%clk 01:13:02]} {[%emt 00:08:44]} 19. Rfd1 {[%clk 01:04:21]} {[%emt
00:12:16]} b4 {[%clk 01:08:58]} {[%emt 00:04:15]} 20. axb4 {[%clk 01:04:21]}
{[%emt 00:00:08]} axb4 {[%clk 01:08:58]} {[%emt 00:00:04]} 21. Ne2 {[%clk
01:04:15]} {[%emt 00:00:16]} Nc5 {[%clk 01:08:58]} {[%emt 00:00:05]} 22. Bxc5
{[%clk 01:03:28]} {[%emt 00:00:57]} dxc5 {[%clk 01:08:58]} {[%emt 00:00:05]} 23.
e5 {[%clk 01:03:19]} {[%emt 00:00:19]} Bxf3 {[%clk 01:07:03]} {[%emt 00:02:05]}
24. Qxf3 {[%clk 01:02:38]} {[%emt 00:00:51]} c4 {[%clk 01:06:36]} {[%emt
00:00:37]} 25. Rxd8+ {[%clk 01:01:46]} {[%emt 00:01:01]} Rxd8 {[%clk 01:06:36]}
{[%emt 00:00:05]} 26. Ng3 {[%clk 01:01:46]} {[%emt 00:00:04]} Rxd1+ {[%clk
01:04:32]} {[%emt 00:02:14]} 27. Qxd1 {[%clk 01:01:46]} {[%emt 00:00:02]} c3
{[%clk 01:02:09]} {[%emt 00:02:34]} 28. b3 {[%clk 00:58:26]} {[%emt 00:03:30]}
Qa7 {[%clk 01:01:54]} {[%emt 00:00:20]} 29. Qf3 {[%clk 00:54:02]} {[%emt
00:04:38]} Qd4 {[%clk 00:56:35]} {[%emt 00:05:29]} 30. h3 {[%clk 00:52:03]}
{[%emt 00:02:09]} h6 {[%clk 00:56:17]} {[%emt 00:00:28]} 31. Qa8+ {[%clk
00:51:43]} {[%emt 00:00:30]} Bf8 {[%clk 00:53:06]} {[%emt 00:03:21]} 32. Qe4
{[%clk 00:51:16]} 1/2-1/2

[Event "2025 National K-12 Grade Championship"]
[Site "Spokane, WI USA, United States"]
[Date "2025.12.14"]
[Round "6.26"]
[White "Egelhof, Thomas"]
[Black "Joseph, Alexander"]
[Result "0-1"]
[TimeControl "G/90; d10"]
[WhiteFideId "39918955"]
[BlackFideId "39946568"]
[WhiteElo "1882"]
[BlackElo "1995"]

1. e4 {[%clk 01:30:00]} {[%emt 00:00:04]} e5 {[%clk 01:30:00]} {[%emt
00:00:08]} 2. Nf3 {[%clk 01:30:00]} {[%emt 00:00:07]} Nc6 {[%clk 01:30:00]}
{[%emt 00:00:08]} 3. Bc4 {[%clk 01:29:57]} {[%emt 00:00:13]} Bc5 {[%clk
01:30:00]} {[%emt 00:00:11]} 4. O-O {[%clk 01:29:47]} {[%emt 00:00:20]} Nf6
{[%clk 01:29:58]} {[%emt 00:00:11]} 5. d4 {[%clk 01:29:24]} {[%emt 00:00:33]}
exd4 {[%clk 01:28:13]} {[%emt 00:01:55]} 6. e5 {[%clk 01:29:22]} {[%emt
00:00:13]} d5 {[%clk 01:28:08]} {[%emt 00:00:16]} 7. exf6 {[%clk 01:29:15]}
{[%emt 00:00:16]} dxc4 {[%clk 01:28:06]} {[%emt 00:00:12]} 8. fxg7 {[%clk
01:29:05]} {[%emt 00:00:21]} Rg8 {[%clk 01:28:04]} {[%emt 00:00:12]} 9. Re1+
{[%clk 01:29:04]} {[%emt 00:00:12]} Be6 {[%clk 01:23:44]} {[%emt 00:04:29]} 10.
Bg5 {[%clk 01:27:35]} {[%emt 00:01:39]} Qd7 {[%clk 01:16:12]} {[%emt 00:07:42]}
11. Nbd2 {[%clk 01:26:53]} {[%emt 00:00:52]} Be7 {[%clk 01:14:32]} {[%emt
00:01:50]} 12. Bxe7 {[%clk 01:24:30]} {[%emt 00:02:33]} Qxe7 {[%clk 01:14:24]}
{[%emt 00:00:18]} 13. Nxc4 {[%clk 01:23:23]} {[%emt 00:01:17]} O-O-O {[%clk
01:14:08]} {[%emt 00:00:26]} 14. Nce5 {[%clk 01:21:58]} {[%emt 00:01:34]} Nxe5
{[%clk 01:12:56]} {[%emt 00:01:23]} 15. Nxe5 {[%clk 01:20:03]} {[%emt
00:02:05]} Rxg7 {[%clk 01:09:40]} {[%emt 00:03:26]} 16. Qf3 {[%clk 01:15:28]}
{[%emt 00:04:44]} Kb8 {[%clk 01:01:45]} {[%emt 00:08:05]} 17. Qe4 {[%clk
01:07:48]} {[%emt 00:07:50]} Qg5 {[%clk 00:57:52]} {[%emt 00:04:04]} 18. g3
{[%clk 01:03:30]} {[%emt 00:04:28]} Bf5 {[%clk 00:54:59]} {[%emt 00:03:03]} 19.
Qf3 {[%clk 01:01:58]} {[%emt 00:01:42]} f6 {[%clk 00:45:28]} {[%emt 00:09:42]}
20. Nd3 {[%clk 01:01:34]} {[%emt 00:00:34]} Bg4 {[%clk 00:36:38]} {[%emt
00:09:00]} 21. Qf4 {[%clk 01:00:07]} {[%emt 00:01:37]} h5 {[%clk 00:35:55]}
{[%emt 00:00:54]} 22. h4 {[%clk 00:58:00]} {[%emt 00:02:17]} Qd5 {[%clk
00:29:16]} {[%emt 00:06:48]} 23. Qxf6 {[%clk 00:50:37]} {[%emt 00:07:34]} Rf7
{[%clk 00:29:16]} {[%emt 00:00:07]} 24. Qe5 {[%clk 00:50:28]} {[%emt 00:00:19]}
Qf3 {[%clk 00:29:00]} {[%emt 00:00:24]} 25. Qe4 {[%clk 00:50:20]} {[%emt
00:00:20]} Qf6 {[%clk 00:28:06]} {[%emt 00:01:05]} 26. Ne5 {[%clk 00:46:15]}
{[%emt 00:04:15]} Qxf2+ {[%clk 00:27:16]} {[%emt 00:01:00]} 27. Kh1 {[%clk
00:46:15]} {[%emt 00:00:08]} Qxg3 {[%clk 00:21:53]} {[%emt 00:05:33]} 28. Nxg4
{[%clk 00:45:47]} {[%emt 00:00:38]} hxg4 {[%clk 00:21:01]} {[%emt 00:01:03]} 29.
Qg2 {[%clk 00:45:47]} {[%emt 00:00:08]} Qxh4+ {[%clk 00:21:01]} {[%emt
00:00:07]} 30. Kg1 {[%clk 00:45:24]} {[%emt 00:00:32]} Rdf8 {[%clk 00:18:04]}
{[%emt 00:03:07]} 31. Re2 {[%clk 00:44:26]} {[%emt 00:01:07]} Re7 {[%clk
00:16:17]} {[%emt 00:01:59]} 32. Rd2 {[%clk 00:44:12]} {[%emt 00:00:22]} Re1+
{[%clk 00:16:05]} 0-1

[Event "2025 National K-12 Grade Championship"]
[Site "Spokane, WI USA, United States"]
[Date "2025.12.14"]
[Round "6.27"]
[White "Zhang, Matthew"]
[Black "Balamurali, Mahith"]
[Result "1/2-1/2"]
[TimeControl "G/90; d10"]
[WhiteFideId "39975908"]
[BlackFideId "39989976"]
[WhiteElo "1741"]
[BlackElo "1484"]

1. c4 {[%clk 01:30:00]} {[%emt 00:00:03]} e5 {[%clk 01:30:00]} {[%emt
00:00:06]} 2. Nc3 {[%clk 01:30:00]} {[%emt 00:00:07]} Nf6 {[%clk 01:30:00]}
{[%emt 00:00:12]} 3. g3 {[%clk 01:29:52]} {[%emt 00:00:18]} c5 {[%clk
01:29:50]} {[%emt 00:00:20]} 4. Bg2 {[%clk 01:29:43]} {[%emt 00:00:19]} Nc6
{[%clk 01:29:05]} {[%emt 00:00:55]} 5. Nf3 {[%clk 01:28:22]} {[%emt 00:01:31]}
d6 {[%clk 01:28:22]} {[%emt 00:00:53]} 6. d3 {[%clk 01:27:34]} {[%emt
00:00:57]} h6 {[%clk 01:27:57]} {[%emt 00:00:35]} 7. O-O {[%clk 01:26:57]}
{[%emt 00:00:46]} Be7 {[%clk 01:27:20]} {[%emt 00:00:47]} 8. e3 {[%clk
01:25:33]} {[%emt 00:01:35]} O-O {[%clk 01:25:44]} {[%emt 00:01:45]} 9. d4
{[%clk 01:20:48]} {[%emt 00:04:55]} exd4 {[%clk 01:24:08]} {[%emt 00:01:46]} 10.
exd4 {[%clk 01:20:32]} {[%emt 00:00:27]} Bg4 {[%clk 01:23:18]} {[%emt
00:01:00]} 11. d5 {[%clk 01:19:13]} {[%emt 00:01:29]} Nd4 {[%clk 01:22:42]}
{[%emt 00:00:46]} 12. Be3 {[%clk 01:17:28]} {[%emt 00:01:55]} Nxf3+ {[%clk
01:22:04]} {[%emt 00:00:47]} 13. Bxf3 {[%clk 01:17:28]} {[%emt 00:00:09]} Bxf3
{[%clk 01:21:41]} {[%emt 00:00:34]} 14. Qxf3 {[%clk 01:17:18]} {[%emt
00:00:19]} Nd7 {[%clk 01:21:26]} {[%emt 00:00:25]} 15. Rac1 {[%clk 01:14:13]}
{[%emt 00:03:15]} Ne5 {[%clk 01:20:50]} {[%emt 00:00:45]} 16. Qe2 {[%clk
01:13:52]} {[%emt 00:00:28]} f5 {[%clk 01:19:51]} {[%emt 00:01:13]} 17. f4
{[%clk 01:13:06]} {[%emt 00:00:56]} Ng4 {[%clk 01:19:18]} {[%emt 00:00:43]} 18.
Bf2 {[%clk 01:09:56]} {[%emt 00:03:20]} Nxf2 {[%clk 01:18:32]} {[%emt
00:00:56]} 19. Kxf2 {[%clk 01:09:16]} {[%emt 00:00:50]} Bf6 {[%clk 01:17:50]}
{[%emt 00:00:51]} 20. Qe6+ {[%clk 01:07:32]} {[%emt 00:01:55]} Kh8 {[%clk
01:17:33]} {[%emt 00:00:26]} 21. Nb5 {[%clk 01:01:47]} {[%emt 00:05:54]} Bxb2
{[%clk 01:13:35]} {[%emt 00:04:09]} 22. Rb1 {[%clk 00:58:45]} {[%emt 00:03:12]}
Rf6 {[%clk 01:11:45]} {[%emt 00:02:00]} 23. Qe3 {[%clk 00:57:06]} {[%emt
00:01:49]} Bd4 {[%clk 01:11:03]} {[%emt 00:00:52]} 24. Nxd4 {[%clk 00:57:06]}
{[%emt 00:00:05]} cxd4 {[%clk 01:11:03]} {[%emt 00:00:09]} 25. Qxd4 {[%clk
00:56:50]} {[%emt 00:00:26]} b6 {[%clk 01:10:12]} {[%emt 00:01:01]} 26. Rfe1
{[%clk 00:56:20]} {[%emt 00:00:40]} Qd7 {[%clk 01:09:09]} {[%emt 00:01:13]} 27.
Qe3 {[%clk 00:49:04]} {[%emt 00:07:25]} Kg8 {[%clk 01:07:39]} {[%emt 00:01:39]}
28. Rb2 {[%clk 00:48:30]} {[%emt 00:00:45]} Rc8 {[%clk 01:04:46]} {[%emt
00:03:04]} 29. Rb4 {[%clk 00:45:13]} {[%emt 00:03:27]} Kf8 {[%clk 01:03:25]}
{[%emt 00:01:31]} 30. Qe2 {[%clk 00:41:57]} {[%emt 00:03:25]} Qc7 {[%clk
01:01:45]} {[%emt 00:01:50]} 1/2-1/2